Guess the Logo Baseball - Statistics

General Stats
  • This quiz has been taken 22 times
  • The average score is 9 of 20
Answer Stats
Picture Answer % Correct
Adidas
100%
Nike
100%
Wilson
94%
New Balance
89%
Under Armor
83%
Franklin
78%
Easton
56%
Rawlings
44%
44
39%
Bruce Bolt
39%
Evo Shield
28%
Louisville Slugger
22%
Marucci
22%
Mizuno
22%
CHAMPRO
17%
Demarini
17%
All Star
11%
Axe Bats
11%
Lizard Skins
11%
Victus
11%
No matching quizzes found
Score Distribution
Percent of People with Each Score
Percentile by Number Answered
Your Score History
You have not taken this quiz